Effect of GA3 on the growth of axillary buds of Hevea brasiliensis in vitro (Record no. 57867)

MARC details
000 -LEADER
fixed length control field 01022nam a2200181Ia 4500
100 ## - MAIN ENTRY--AUTHOR NAME
Personal name Seneviratne Priyani
245 #0 - TITLE STATEMENT
Title Effect of GA3 on the growth of axillary buds of Hevea brasiliensis in vitro
260 ## - PUBLICATION, DISTRIBUTION, ETC. (IMPRINT)
Name of publisher Journal of the Rubber Research Institute of Sri Lanka
Year of publication 1997
300 ## - PHYSICAL DESCRIPTION
Number of Pages 37-44
520 ## - SUMMARY, ETC.
Summary, etc Slow growth of axillary buds is one of the key reasons for the slow progress in micropropagation of clonal Hevea. Axillary buds induced in the presence of cytokinins were elongated satisfactorily in the presence of GA, at 2-4 mg/l. The effect was not observed when the medium contained thidiazuran. The effect of filter sterilized and autoclaved GA3, on the elongation of in vivo grown seedlings showed no difference. However, in this study GA3 was incorporated in to media prior to autoclaving.
650 ## - SUBJECT ADDED ENTRY--TOPICAL TERM
Topical Term Hevea brasiliensis
650 ## - SUBJECT ADDED ENTRY--TOPICAL TERM
Topical Term Micropropagation
650 ## - SUBJECT ADDED ENTRY--TOPICAL TERM
Topical Term Rubber
650 ## - SUBJECT ADDED ENTRY--TOPICAL TERM
Topical Term Thidiazuran(TDZ)
700 ## - ADDED ENTRY--PERSONAL NAME
Personal name Wijesekera G A S
942 ## - ADDED ENTRY ELEMENTS (KOHA)
Koha item type Journals
Holdings
Withdrawn status Lost status Damaged status Not for loan Home library Current library Shelving location Date acquired Serial Enumeration / chronology Koha item type
      Journals RRII Library RRII Library Biotechnology 17/12/2021 Volume 80, Issue Journals